Top 15 landen met Covid-19 sterfgevallen - 4 augustus 021 - Statistieken

Algemene statistieken
  • Deze quiz is 4 keer genomen
  • De gemiddelde score is 16 van 25
Antwoordstatistieken
land % Correct
Argentinië
100%
Brazilië
100%
Duitsland
100%
Frankrijk
100%
Indonesië
100%
Italië
100%
Mexico
100%
Rusland
100%
Spanje
100%
Verenigde Staten
100%
Verenigd Koninkrijk
100%
België
67%
Colombia
67%
Hongarije
67%
India
67%
Peru
67%
Tsjechië
67%
Kroatië
33%
Paraguay
33%
Slovenië
33%
Slowakije
33%
Bosnië en Herzegovina
0%
Bulgarije
0%
Iran
0%
Noord-Macedonië
0%
Geen overeenkomende quizzen gevonden
Scoreverdeling
Procent van Mensen met Elke Score
Percentiel versus Aantal Correcte Antwoorden
Uw Scoregeschiedenis
U heeft deze quiz nog niet genomen